000 01041nam a2200253Ia 4500
003 OSt
005 20220927111100.0
006 a|||||r|||| 00| 0
007 ta
008 220926b |||||||| |||| 00| 0 eng d
024 _a94305
037 _cReports
040 _aRTL
_cRTL
_beng
041 _2eng
_aeng
082 _a"X9(D513):2.2.N7, M7/GD"
110 _aDevelopment Council for Automobiles and Allied Industries. Prod. targets and inputs req. for auto. ancillaries and allied industries (Panel on...). (Chairman : Rahul Bajaj)(1975-77)
_9381270
245 0 _aReport
260 _aBombay
_bAssociation of Indian Automobile Manufacturers India
_c1977
300 _a301p.
_ccm.
650 _aAutomobile Industry
700 _aDevelopment Council for Automobiles and Allied Industries. Prod. targets and inputs req. for auto. ancillaries and allied industries (Panel on...). (Chairman : Rahul Bajaj)(1975-77)
_9381271
942 _h"X9(D513):2.2.N7, M7/GD"
_cCC
999 _c698622
_d698622